| 000 | 00550nam a2200205Ia 4500 | ||
|---|---|---|---|
| 005 | 20250508165452.0 | ||
| 008 | 008 250505s9999 xx 000 0 hin d | ||
| 020 | _a978-81-267-2423-9 | ||
| 037 | _aTextual | ||
| 040 |
_aFEDL _beng _cFEDL |
||
| 041 |
_ahin _2hin |
||
| 084 |
_a891.437, PAR _qFEDL |
||
| 100 | _aParsai Harishankar | ||
| 245 | 0 | _aPuchho Parsai se | |
| 260 |
_aNew Delhi, India _bRajkamal Prakashan _c2013 |
||
| 300 | _a744p. | ||
| 365 |
_aINR _b125 |
||
| 942 |
_cTEXL _h891.437, PAR |
||
| 999 |
_c1395277 _d1395277 |
||